Al-Qaeda... or ISIS? - Statistics

General Stats
  • This quiz has been taken 248 times
  • The average score is 41 of 60
Answer Stats
Question Tile Select % Correct
Committed the September 11th terrorist attacks? Islamic State No
97%
Committed the September 11th terrorist attacks? Both No
95%
Committed the September 11th terrorist attacks? Al-Qaeda Yes
94%
Formerly lead by Osama Bin Laden? Islamic State No
91%
Formerly lead by Osama Bin Laden? Al-Qaeda Yes
90%
Formerly lead by Osama Bin Laden? Both No
90%
Beheaded James Foley? Both No
89%
Leader was a self-declared Caliph? Al-Qaeda No
85%
Has more fighters? Both No
84%
Recognized as a terrorist organization by Paraguay? Al-Qaeda No
83%
Beheaded James Foley? Al-Qaeda No
83%
Operated in Syria? Al-Qaeda No
83%
Had roughly 500 foreign fighters from Belgium? Both No
83%
Had an official capital? Both No
83%
Utilized suicide bombs in combat? Al-Qaeda No
82%
Printed their own currency? Al-Qaeda No
82%
Practice Shari'ah law? Al-Qaeda No
82%
Beheaded James Foley? Islamic State Yes
82%
Fought against the U.S Army? Islamic State No
82%
Had roughly 500 foreign fighters from Belgium? Al-Qaeda No
81%
Had more than 200,000 members in 2018? Both No
81%
Had their leader blow himself up? Both No
80%
Friendly with the Taliban? Islamic State No
79%
Had roughly 500 foreign fighters from Belgium? Islamic State Yes
79%
Had their leader blow himself up? Al-Qaeda No
78%
Operated in Iraq? Al-Qaeda No
78%
Had an official capital? Al-Qaeda No
78%
Leader was a self-declared Caliph? Both No
78%
Printed their own currency? Both No
78%
Friendly with the Taliban? Both No
78%
Had an official capital? Islamic State Yes
78%
Fought against the U.S Army? Al-Qaeda No
77%
Reached their peak held territory in 2014? Al-Qaeda No
75%
Had their leader live in caves until being captured by the Americans? Islamic State No
75%
Had their leader blow himself up? Islamic State Yes
75%
Leader was a self-declared Caliph? Islamic State Yes
74%
Operated in Mozambique? Both No
73%
Utilized suicide bombs in combat? Islamic State No
73%
Printed their own currency? Islamic State Yes
73%
Friendly with the Taliban? Al-Qaeda Yes
72%
Fought against the U.S Army? Both Yes
72%
Utilized suicide bombs in combat? Both Yes
71%
Had their leader live in caves until being captured by the Americans? Both No
71%
Practice Shari'ah law? Both Yes
67%
Practice Shari'ah law? Islamic State No
67%
Had their leader live in caves until being captured by the Americans? Al-Qaeda Yes
62%
Operated in Mozambique? Al-Qaeda No
61%
Operated in Iraq? Islamic State No
56%
Operated in Iraq? Both Yes
53%
Operated in Mozambique? Islamic State Yes
50%
Operated in Syria? Both Yes
43%
Operated in Syria? Islamic State No
42%
Recognized as a terrorist organization by Paraguay? Both No
18%
Recognized as a terrorist organization by Paraguay? Islamic State Yes
14%
Has more fighters? Islamic State No
13%
Has more fighters? Al-Qaeda Yes
12%
Reached their peak held territory in 2014? Islamic State No
11%
Had more than 200,000 members in 2018? Islamic State No
10%
Had more than 200,000 members in 2018? Al-Qaeda Yes
7%
Reached their peak held territory in 2014? Both Yes
5%
No matching quizzes found
Score Distribution
Percent of People with Each Score
Percentile by Number Answered
Your Score History
You have not taken this quiz